000 01354cam a2200133 4500500
005 20260329023142.0
041 _afre
042 _adc
100 1 0 _aBonhomme, Éric
_eauthor
245 0 0 _aL'Europe de 1919 à 1939
260 _bArmand Colin,
_c2014.
520 _aL’histoire de l’Europe de 1919 à 1939 est souvent comprise comme un entre-deux-guerres, à la fois parenthèse et trait d’union entre les deux conflits mondiaux. Cet ouvrage reprend d’abord cette problématique classique, avant de s’attacher à montrer que la période est aussi caractérisée par nombre d’innovations, dans la manière de penser les relations internationales, les rapports économiques et sociaux, la vie culturelle. L’Europe de la poussée des totalitarismes, de la « décadence », pour reprendre le mot de Jean-Baptiste Duroselle à propos des années 1930, est aussi, à bien des égards, un laboratoire qui annonce le second XXe siècle. Les étudiants trouveront dans la seconde partie de ce livre des textes, des cartes et des images commentées qui leur permettront de s’initier aux méthodes de l’historien, ainsi que des exemples de dissertations, sur un mode progressif, allant du simple plan au devoir rédigé.
856 4 1 _uhttps://shs.cairn.info/l-europe-de-1919-a-1939--9782200286507?lang=fr&redirect-ssocas=7080
999 _c1925103
_d1925103